000 01978njm a2200289Ia 4500
001 24180
003 IT-RoPAU
005 20220918181112.0
008 131025s9999 xx 000 0 und d
040 _aIT-RoPAU
040 _cIT-RoPAU
999 _c99062
_d99062
999 _bn.d.
100 _aAA.VV.
_9794
100 _eAutore musica
_99371
100 _gCodice autore musica SPICS: 12000
_9796
245 _aGentleman of Music (The)
250 _a1a ed.
260 _aITALIA
260 _bPOLYDOR
300 _aDISCO
300 _c80 minuti (Testo: pag.)
500 _aMusica strumentale. Arrangiamento. Autori vari.
505 _aLieberstraum (3:00) - Solvieg's Song (6:00) - Fur Elise (6:00) - The Red Sarafan (3:00) - Yearning For You (4:00) - You Shall Be the King of My Heart (2:00) - Say You To me (19:00) - You Too! (2:00) - Schon Ist Die Welt (2:00) - Meine Lippen, Die Kussen So Heiss (2:00) - When the Flags Are Flying (2:00) - Lady of Spain (2:00) - March From Carmen (5:00) - Oh! Susanna (2:00) - What Can Sigismund Do, He's So Beautiful! (2:00) - Pardon me, madame (2:00) - I Saw Ms. Helen Taking a Bath! (2:00) - She's Too Fat For Me (3:00) - American Patrol (3:00) - Charmaine (5:00) - On the Street Where You Live [(From My Fair Lady) (4:00)] - Close To You (4:00) - A media luz (3:00) - The Importance of Your Love (5:00) - Dance With me. Once Again (2:00) - Everyone Likes You-One Loves You (2:00) - I Know That You Love Me (2:00) - Rum and Coca Cola (2:00) - Quando quando (2:00) - Anuschka (2:00) - Abendstunde Hat Gold Im Munde (2:00) - Geh Alte, Schau Mi Net So Teppert An (2:00) - Isle of Capri (3:00) - Buona sera (1:00) - Oh, Marie (2:00) - Come and Have a Drink (2:00) - La felicitad (2:00) - We Love Storms (5:00) - Hey, Hey, Hey (2:00) - Annchen Von Tharau (2:00) - Three Brothers (2:00)
650 _aARRANGIAMENTO [DISCHI]
_eCodice MATERIA SPICS: 9950
_99372
700 _aLast James
_eInteprete
_gCodice interprete SPICS: 10976
_99373
942 _cMD
_2ddc